Score 0/18 Timer 03:00
0 Plays Today
Movie Missing Word % Correct
Mamma Mia: Here We Go _____!Again
95.6%
Crazy _____ AsiansRich
82.2%
Ant-Man and the _____Wasp
75.8%
Hotel _____ 3: Summer VacationTransylvania
75.6%
_____: A Star Wars StorySolo
70.8%
Slender _____Man
69.2%
Disney's _____ RobinChristopher
68.1%
_____ EightOcean's
57.3%
Won't You Be My _____?Neighbor
52.6%
Movie Missing Word % Correct
Life of the _____Party
50.2%
Jurassic World: _____ KingdomFallen
49.6%
The _____ PurgeFirst
45.2%
The Spy Who _____ MeDumped
42.6%
Unfriended: Dark _____Web
32.6%
_____: Day of the SoldadoSicario
29.5%
Mission: Impossible - _____Fallout
29.1%
Eighth _____Grade
20.6%
The _____ MindsDarkest
12.7%

Today's Daily Dose

Remove Ads.
Support Sporcle.
Get the best of Sporcle when you Go Orange. This ad-free experience offers more features, more stats, and more fun while also helping to support Sporcle. Thank you for becoming a member.

You're not logged in!

Compare scores with friends on all Sporcle quizzes.
OR
Log In

Show Comments

Extras

Top Quizzes Today


Score Distribution

Your Account Isn't Verified!

In order to create a playlist on Sporcle, you need to verify the email address you used during registration. Go to your Sporcle Settings to finish the process.

Report this User

Report this user for behavior that violates our Community Guidelines.

Details: